Score 0/10 Timer 06:00
2 Plays Today
% Correct
United Kingdom
74.2%
China
72.1%
United States
72%
Tanzania
59.7%
Italy
56.4%
Germany
55.4%
Canada
51.8%
Peru
48.2%
Russia
41.1%
Australia
34.7%
Remove Ads.
Support Sporcle.
Get the best of Sporcle when you Go Orange. This ad-free experience offers more features, more stats, and more fun while also helping to support Sporcle. Thank you for becoming a member.

You're not logged in!

Compare scores with friends on all Sporcle quizzes.
OR
Log In

Show Comments

Extras

Top Quizzes Today


Score Distribution

Your Account Isn't Verified!

In order to create a playlist on Sporcle, you need to verify the email address you used during registration. Go to your Sporcle Settings to finish the process.

Report this User

Report this user for behavior that violates our Community Guidelines.

Details: